Telecomunicaciones. Tecnologías, Redes y Servicios.
Salvato in:
| Autore principale: | |
|---|---|
| Natura: | Sconosciuto |
| Lingua: | inglese |
| Pubblicazione: |
Madrid, España:
Ra-Ma,
2014.
|
| Edizione: | 2a. Edición actualizada. |
| Soggetti: | |
| Tags: |
Aggiungi Tag
Nessun Tag, puoi essere il primo ad aggiungerne!!
|
MARC
| LEADER | 00000 a2200000 4500 | ||
|---|---|---|---|
| 003 | CL-VaPUC | ||
| 005 | 20230608084636.0 | ||
| 008 | 230601b ||||| |||| 00| 0 eng d | ||
| 999 | |c 440536 |d 440534 | ||
| 020 | |a 978-84-9964-274-1 | ||
| 040 | |c Pontificia Universidad Católica de Valparaíso | ||
| 082 | |a 621.382 HUI 2014 | ||
| 100 | |a Huidobro Moya, José Manuel |9 881490 |e autor | ||
| 245 | |a Telecomunicaciones. |b Tecnologías, Redes y Servicios. | ||
| 250 | |a 2a. Edición actualizada. | ||
| 260 | |a Madrid, España: |b Ra-Ma, |c 2014. | ||
| 300 | |a 431 páginas. | ||
| 583 | |k GC |c 20230601 | ||
| 650 | 0 | |9 257195 |a Telecomunicaciones |x Fundamentos y conceptos básicos |x Conmutación, protocolos y transmisión | |
| 650 | 0 | |9 334846 |a Redes informáticas |x Señales |x Transmisión de voz, datos e imágenes | |
| 650 | 0 | |9 388793 |a Redes de comunicaciones |v Conmutación y multiplexación |x Teléfonos, radio, internet, etc. | |
| 942 | |2 ddc |c BK | ||
| 952 | |0 0 |1 0 |2 ddc |4 0 |6 621_382000000000000_HUI_2014 |7 0 |8 A |9 590335 |a BIBING |b BIBING |c GEN |d 2023-06-01 |e 3 |g 33725.00 |i 5657654 |l 3 |m 2 |o 621.382 HUI 2014 |p 5657654 |r 2025-04-15 |s 2025-04-08 |t 1 |v 33725.00 |w 2023-06-01 |y BK |k EIE | ||
| 952 | |0 0 |1 0 |2 ddc |4 0 |6 621_382000000000000_HUI_2014 |7 0 |8 A |9 590336 |a BIBING |b BIBING |c GEN |d 2023-06-01 |e 3 |g 33725.00 |i 5657655 |o 621.382 HUI 2014 |p 5657655 |r 2025-01-20 |t 2 |v 33725.00 |w 2023-06-01 |y BK |k EIE | ||
| 952 | |0 0 |1 0 |2 ddc |4 0 |6 621_382000000000000_HUI_2014 |7 0 |8 A |9 590337 |a BIBING |b BIBING |c GEN |d 2023-06-01 |e 3 |g 33725.00 |i 5657656 |l 1 |o 621.382 HUI 2014 |p 5657656 |r 2025-04-08 |s 2025-04-01 |t 3 |v 33725.00 |w 2023-06-01 |y BK |k EIE | ||